Les années des époques géologiques - Statistiques

Statistiques générales
  • Ce quiz a été pris 24 fois
  • Le résultat moyen est 2 sur 15
Statistiques - réponses
système année début + fin (en Ma avant JC) % Correct
Quaternaire 2
100%
Hadéen 4600 - 4000
15%
Crétacé 150-70
8%
Néogène 20-2
8%
Protérozoïque 2500-540
8%
Trias 250-200
8%
Archéen 4000-2500
8%
Paléogène 70-20
8%
Jurassique 200-150
8%
Permien 300-250
0%
Dévonien 420-360
0%
Silurien 450-420
0%
Cambrien 540-480
0%
Carbonifère 360-300
0%
Ordovicien 480-450
0%
Aucun quiz correspondant
Distribution des résultats
% des personnes avec chaque résultat
Percentile par nombre de réponses
Votre historique - résultats
Vous n’avez pas pris ce quiz